First Rajiv gandhi memorial lecture 20 may 2011:parliamentary democracy in India (Record no. 502470)

000 -LEADER
fixed length control field 00392cam a22001097a 4500
008 - FIXED-LENGTH DATA ELEMENTS--GENERAL INFORMATION
fixed length control field 180718b2011 xxu||||| |||| 00| 0 eng d
082 ## - DEWEY DECIMAL CLASSIFICATION NUMBER
Classification number B253x54 Si64
100 ## - MAIN ENTRY--PERSONAL NAME
Personal name Singhvi,Abhishek Manu
245 ## - TITLE STATEMENT
Title First Rajiv gandhi memorial lecture 20 may 2011:parliamentary democracy in India
Statement of responsibility, etc. By Abhishek Manu Singhvi
260 ## - PUBLICATION, DISTRIBUTION, ETC.
Place of publication, distribution, etc. New delhi
Name of publisher, distributor, etc. Indial institute of public adminstration
Date of publication, distribution, etc. 2011
300 ## - PHYSICAL DESCRIPTION
Extent 24
Holdings
Withdrawn status Lost status Damaged status Not for loan Permanent Location Current Location Date acquired Full call number Barcode Date last seen Price effective from Koha item type
        Indian Institute of Public Administration Indian Institute of Public Administration 2018-08-04 B253x54 Si64 GR18714 2018-08-04 2018-08-04 GR

Powered by Koha